| 000 | 00509nam a2200169Ia 4500 | ||
|---|---|---|---|
| 003 | IN-BaIIA | ||
| 008 | 211028s9999 xx 000 0 eng d | ||
| 040 | _cIIA Library | ||
| 080 |
_a52 _bIBA |
||
| 100 |
_aIba, Yasuaki _93457 |
||
| 245 | 0 |
_aFragmentary notes on astronomy in japan _cYasuaki Iba |
|
| 260 |
_aJapan _bY.I.Astronomical Observatory _c1932 |
||
| 300 | _a34p | ||
| 650 |
_aAstronomy _980 |
||
| 650 | _aAstronomy and Astrophysics thesaurus | ||
| 942 | _cBK | ||
| 999 |
_c1780 _d1780 |
||